000 01624nam a2200301Ia 4500
999 _c55572
_d55572
001 22654
003 GE_BSU
005 20230410161428.0
008 181216s ||||ge |||||||||||||| ||geo||
020 _a9789941278105
040 _cGE_BSU
041 _ageo
080 _a341.75+395.6 კ-87
100 _aკუბლაშვილი, გიგი
_917587
245 _aდიპლომატიური პროტოკოლი და ეტიკეტი /
_cგიგი კუბლაშვილი, ნინო თუხარელი, გიორგი ლორია ; ტექნ. რედაქტორი მარიამ გლახოშვილი ; ყდის დიზაინერი ხათუნა ხომერიკი.
250 _aI -ლი გამოცემა
264 _aთბილისი :
_bშავი ზღვის საერთაშორისო უნ-ტი,
_c2018.
300 _a58 გვ. ;
_c21 სმ.
490 _aIBSU პუბლიკაციები ;
_v♯12
504 _aბიბლიოგრ. გვ.58
541 _h2ლ.48თ.
653 _aდიპლომატიური პროტოკოლი და ეტიკეტი
653 _aსამართალი
653 _aცერემონიალი ეტიკეტი საზოგადოებაში ქცევის წესები
700 _aთუხარელი, ნინო
_eავტორი
_917588
700 _aლორია, გიორგი
_eავტორი
_917589
942 _cBK
_2udc